MARC

LEADER 00000nam0a2200000 4500
001 252839
005 20231031214104.0
010 |a 5120010571 
020 |a RU  |b 89-48883 
035 |a (RuTPU)RU\TPU\book\275197 
090 |a 252839 
100 |a 20140306d1989 k y0rusy5003 ca 
101 0 |a rus 
102 |a UA 
105 |a y z 001zy 
200 1 |a Мировоззрение личности и возрастные особенности его формирования  |f Л. В. Никонорова  |g Академия наук Украинской ССР (АН УССР), Институт философии ; под ред. Е. К. Быстрицкого 
210 |a Киев  |c Наукова думка  |d 1989 
215 |a 116 с. 
320 |a Библиогр.: с. 112-115. 
606 1 |a Мировоззрение личности  |2 stltpush  |3 (RuTPU)RU\TPU\subj\37652 
610 1 |a формирование 
610 1 |a личность 
610 1 |a возрастная психология 
610 1 |a эволюция 
610 1 |a жизнедеятельность 
686 |a С55.56  |2 rubbk 
700 1 |a Никонорова  |b Л. В.  |g Людмила Валентиновна 
702 1 |a Быстрицкий  |b Е. К.  |4 340 
712 0 2 |a Академия наук Украинской ССР (АН УССР)  |b Институт философии  |2 stltpush  |3 (RuTPU)RU\TPU\col\12865 
801 0 |a RU  |b RuMRKP  |c 19950417  |g psbo 
801 1 |a RU  |b 63413507  |c 20140306 
801 2 |a RU  |b 63413507  |c 20140709  |g RCR 
942 |c BK